| 000 | 00486 a2200169 4500 | ||
|---|---|---|---|
| 003 | OSt | ||
| 005 | 20231227153229.0 | ||
| 008 | 231227b |||||||| |||| 00| 0 eng d | ||
| 020 | _a8181434161 | ||
| 040 | _coclc | ||
| 082 |
_a891.431 _bVER/D |
||
| 100 | 1 |
_aVarmā, Mahādevī, _d1907-1987 _910222 |
|
| 245 |
_aDEEPSHIKHA / _cMahadevi Verma |
||
| 260 |
_aNew Delhi: _bVani Prakashan, _c2006. |
||
| 300 | _a111p | ||
| 942 |
_2ddc _cBK _h891.431 _iVER/D _k891.431 _mVER/D |
||
| 999 |
_c43593 _d43593 |
||